000 00862nas a2200289 4500
001 BR0302257
003 BR-BrBNA
005 20231205103747.0
007 ta
008 230509b bl.|||p| |||| 00| 00por d
040 _aBR-BrBNA
_bpor
_cBiblioteca Nacional de Agricultura
041 _a(Pt)
072 _aF60
100 1 _aFernandes, E.J.
100 1 _aTurco, J.E.P.
100 1 _aRodrigues, T.J.D.
245 1 _aComparação entre métodos de determinação de índice de estresse hídrico da cultura de soja
650 _aSOJA
650 _aDEFICIÊNCIA HÍDRICA
650 _aSTRESS
650 _aEVAPOTRANSPIRAÇÃO
650 _aTERMÔMETRO
650 _aMÉTODO
773 0 _tEngenharia Agrícola (Brazil)
_xISSN 0100-6916
_g(Sep 2002), v. 22(3) p. 355-367
_wBR0302257
909 _a202311
_bLúcia
_c55
_dLúcia Elande
942 _2AGRIS
_n0
_cANA
999 _c174588
_d174588